00569nam a2200169Ia 4500008004100000041000800041082001400049100003000063245010500093250000800198260004700206300000600253650002200259942000700281952009600288999001500384230711s9999||||xx |||||||||||||| ||und|| aENG a624bBU-I aBureau of Indian Standard 0aIS : 3068 1986bSpecification for broken brick (burnt clay)coarse aggregate for use in lime concrete a1st c1986aNew DelhibBureau of Indian Standard a7 aCivil Engineering cBK 001040708CaMCLbMCLd0000-00-00l0o624 BU-Ip8800r2023-08-17 14:42:00w2023-08-17yBK c8288d8288